| 000 | 01293nam a2200337 i 4500 | ||
|---|---|---|---|
| 003 | DO-SdBNP | ||
| 005 | 20250422113317.0 | ||
| 007 | ta | ||
| 008 | 250422b2005 dr ||||| |||| 00| 0 spa d | ||
| 020 | _a8496505340 | ||
| 040 |
_aDO-SdBNP _bspa _cBNPHU _erda |
||
| 082 | 4 |
_a972.9303 _bH557c _222 |
|
| 100 | 1 |
_aHernández González, Manuel, _eautor _4aut. _91762 |
|
| 245 | 1 | 3 |
_aLa colonización de la frontera dominicana 1680-1795 / _cManuel Vicente Hernández González ; corrección, Pilar Pomares |
| 264 | 4 |
_aSanto Domingo : _bEdiciones IDEA, _c©2005. |
|
| 300 |
_a313 páginas ; _c20 cm. |
||
| 336 |
_atexto _btxt _2rdacontent |
||
| 337 |
_asin mediación _bn _2rdamedia |
||
| 338 |
_avolumen _bnc _2rdacarrier |
||
| 500 | _aIncluye datos biográficos del autor en la contracubierta. | ||
| 500 | _aIncluye referencias bibliográficas y notas al pie de las páginas. | ||
| 504 | _aBibliografía : páginas 309-313 | ||
| 590 | _aInventariado, 2025/BT | ||
| 651 | 4 |
_aRepública Dominicana _xHistoria _xGobierno colonial _y1503-1795 _945693 |
|
| 651 | 4 |
_aRepública Dominicana _xLimites _xHistoria _945694 |
|
| 651 | 4 |
_aRepública Dominicana _xHistoria _yHasta 1944 _985832 |
|
| 700 | 1 |
_aPomares, Pilar, _ecorrector _4corr. _987496 |
|
| 830 | _945695 | ||
| 910 | _aBtavárez | ||
| 942 |
_2ddc _cLBS1 |
||
| 999 |
_c58745 _d58745 |
||